[Event "XtraCon-Skakligaen"]
[Site "Denmark"]
[Date "2013.11.02"]
[Round "1.8"]
[White "Christensen, Jan Schleicher"]
[Black "Nohr, Finn"]
[Result "1-0"]
[WhiteElo "2218"]
[BlackElo "2102"]
[PlyCount "49"]
[EventDate "2013.11.02"]
[EventType "team-tourn"]
[EventRounds "9"]
[WhiteTeam "Nordre"]
[BlackTeam "Hillerod"]
[WhiteTeamCountry "DEN"]
[BlackTeamCountry "DEN"]

1. d4 d5 2. c4 c6 3. Nf3 Nf6 4. Nc3 e6 5. Bg5 h6 6. Bh4 dxc4 7. e4 g5 8. Bg3 b5
9. Be2 Bb7 10. O-O Nbd7 11. Ne5 Bg7 12. Nxf7 Kxf7 13. e5 Nd5 14. Ne4 Kg8 15.
Nd6 Qb6 16. Bh5 c5 17. Bf7+ Kf8 18. Bxe6 Ke7 19. Qh5 Rhf8 20. Qg6 Nf4 21. Bxf4
Rxf4 22. Bxd7 Kxd7 23. Qxg7+ Ke6 24. dxc5 Qc6 25. Nxb7 1-0

[Event "XtraCon-Skakligaen"]
[Site "Denmark"]
[Date "2013.11.02"]
[Round "1.2"]
[White "Aabling Thomsen, Jakob"]
[Black "Nilsson, Sebastian"]
[Result "1-0"]
[WhiteElo "2375"]
[BlackElo "2333"]
[PlyCount "97"]
[EventDate "2013.11.02"]
[EventType "team-tourn"]
[EventRounds "9"]
[WhiteTeam "Bronshoj"]
[BlackTeam "K41"]
[WhiteTeamCountry "DEN"]
[BlackTeamCountry "DEN"]

1. e4 c5 2. Nf3 d6 3. Bb5+ Nd7 4. O-O Ngf6 5. Re1 a6 6. Bd3 g6 7. c3 Bg7 8. Bc2
O-O 9. d4 e5 10. dxe5 dxe5 11. Nbd2 b5 12. a4 Bb7 13. b3 Qc7 14. Qe2 Rab8 15.
Nf1 h6 16. h3 Rfd8 17. N1h2 Nf8 18. axb5 axb5 19. Ra7 Qb6 20. Ra2 Qc7 21. Qxb5
Bxe4 22. Qc4 Bd5 23. Qh4 g5 24. Nxg5 hxg5 25. Bxg5 Rd6 26. c4 Ra8 27. Rxa8 Bxa8
28. Qg3 N6h7 29. Bc1 Qd8 30. h4 e4 31. h5 Kh8 32. Ng4 Re6 33. Rd1 Qe7 34. Bf4
Bc6 35. Ne3 Qf6 36. Nd5 Qf5 37. Qh4 Be5 38. g4 Qxf4 39. Nxf4 Bxf4 40. Qd8 Kg8
41. Qc8 Bd6 42. Kf1 Be7 43. Ra1 Ng5 44. Ra7 e3 45. fxe3 Bf6 46. Ra6 Bd7 47. Qb7
Rxa6 48. Qxa6 Be5 49. Bf5 1-0

[Event "XtraCon-Skakligaen"]
[Site "Denmark"]
[Date "2013.11.02"]
[Round "1.3"]
[White "Stojanovski, Sandi"]
[Black "Pilgaard, Kim"]
[Result "0-1"]
[WhiteElo "2289"]
[BlackElo "2403"]
[PlyCount "90"]
[EventDate "2013.11.02"]
[EventType "team-tourn"]
[EventRounds "9"]
[WhiteTeam "K41"]
[BlackTeam "Bronshoj"]
[WhiteTeamCountry "DEN"]
[BlackTeamCountry "DEN"]

1. Nf3 c5 2. b3 d5 3. e3 Nf6 4. Bb2 g6 5. c4 dxc4 6. bxc4 Bg7 7. Be2 O-O 8. O-O
b6 9. Nc3 Bb7 10. d4 cxd4 11. exd4 Nc6 12. d5 Na5 13. Nb5 a6 14. Nbd4 b5 15.
cxb5 Nxd5 16. bxa6 Bxa6 17. Rc1 Nf4 18. Bxa6 Rxa6 19. Rc2 Qb8 20. Bc1 Nd5 21.
Bd2 e5 22. Ne2 Nc6 23. Qb1 Rb6 24. Qc1 Ncb4 25. Bxb4 Nxb4 26. Rc4 Nxa2 27. Qe3
Nb4 28. Rd1 Rd6 29. Rxd6 Qxd6 30. Qc1 Nd3 31. Qc2 Rd8 32. Rc8 e4 33. Rxd8+ Qxd8
34. Nd2 f5 35. Nf1 Kh8 36. Nc1 h5 37. Nxd3 exd3 38. Qd2 Qd4 39. g3 Kh7 40. Qg5
Qd7 41. Qd2 Bh6 42. f4 Bf8 43. Kf2 Bc5+ 44. Ke1 Qd4 45. Kd1 Qa4+ 0-1

[Event "XtraCon-Skakligaen"]
[Site "Denmark"]
[Date "2013.11.02"]
[Round "1.4"]
[White "Hoi, Carsten"]
[Black "Laursen, Niels Norskov"]
[Result "1/2-1/2"]
[WhiteElo "2393"]
[BlackElo "2282"]
[PlyCount "57"]
[EventDate "2013.11.02"]
[EventType "team-tourn"]
[EventRounds "9"]
[WhiteTeam "Bronshoj"]
[BlackTeam "K41"]
[WhiteTeamCountry "DEN"]
[BlackTeamCountry "DEN"]

1. d4 Nf6 2. c4 g6 3. Nc3 Bg7 4. e4 d6 5. Nf3 O-O 6. h3 e5 7. dxe5 dxe5 8. Qxd8
Rxd8 9. Nd5 Nxd5 10. cxd5 c6 11. Bc4 cxd5 12. Bxd5 Nd7 13. Bg5 Re8 14. Nd2 Nc5
15. Nc4 Bf8 16. Ke2 Be6 17. Bxe6 Nxe6 18. Be3 Bc5 19. Rac1 Bd4 20. b3 Rad8 21.
Rhd1 f6 22. g3 Re7 23. f4 exf4 24. gxf4 Red7 25. f5 Nc5 26. Kf3 Bxe3 27. Rxd7
Rxd7 28. Nxe3 Nd3 29. Rc8+ 1/2-1/2

[Event "XtraCon-Skakligaen"]
[Site "Denmark"]
[Date "2013.11.02"]
[Round "1.6"]
[White "Greger, Roland Reinhard"]
[Black "Naes, Flovin Tor"]
[Result "1-0"]
[WhiteElo "2308"]
[BlackElo "2252"]
[PlyCount "97"]
[EventDate "2013.11.02"]
[EventType "team-tourn"]
[EventRounds "9"]
[WhiteTeam "Bronshoj"]
[BlackTeam "K41"]
[WhiteTeamCountry "DEN"]
[BlackTeamCountry "DEN"]

1. e4 e5 2. Nf3 Nc6 3. Bb5 Nf6 4. d3 d6 5. c3 a6 6. Ba4 Be7 7. O-O b5 8. Bc2
O-O 9. Re1 Bb7 10. Nbd2 Re8 11. Nf1 Bf8 12. Ng3 g6 13. d4 Bg7 14. d5 Nb8 15. b3
c5 16. a4 Nbd7 17. Bd2 h6 18. Qe2 Qb6 19. h4 Kh7 20. h5 Rec8 21. hxg6+ fxg6 22.
Nh4 Rf8 23. Be3 Rf7 24. axb5 axb5 25. Rxa8 Bxa8 26. Bd3 b4 27. Ra1 Bb7 28. c4
Rf8 29. Rf1 Ra8 30. f4 Ra3 31. Bc2 Ra2 32. f5 g5 33. Ng6 Qa5 34. Qd1 Nb6 35.
Bb1 Rb2 36. Bc2 Ba6 37. Bc1 Ra2 38. Bb1 Ra1 39. Bb2 Nxc4 40. bxc4 Bxc4 41. Re1
Ra4 42. Nh5 Qa8 43. Nxf6+ Bxf6 44. Nf8+ Kg7 45. Ne6+ Kh7 46. Qh5 Qg8 47. Re3 g4
48. Rg3 Be2 49. Bc1 1-0

[Event "XtraCon-Skakligaen"]
[Site "Denmark"]
[Date "2013.11.02"]
[Round "1.7"]
[White "Andreasen, Joan Hendrik"]
[Black "Palm, Nikolaj"]
[Result "1/2-1/2"]
[WhiteElo "2239"]
[BlackElo "2313"]
[PlyCount "36"]
[EventDate "2013.11.02"]
[EventType "team-tourn"]
[EventRounds "9"]
[WhiteTeam "K41"]
[BlackTeam "Bronshoj"]
[WhiteTeamCountry "DEN"]
[BlackTeamCountry "DEN"]

1. d4 d5 2. c4 e6 3. Nc3 c6 4. Nf3 Nf6 5. Bg5 Be7 6. e3 O-O 7. Bd3 Nbd7 8. O-O
Re8 9. a3 a6 10. Re1 b5 11. cxb5 cxb5 12. e4 dxe4 13. Nxe4 Bb7 14. Qe2 Nxe4 15.
Bxe7 Rxe7 16. Bxe4 Bxe4 17. Qxe4 Nf6 18. Qe2 Rd7 1/2-1/2

[Event "XtraCon-Skakligaen"]
[Site "Denmark"]
[Date "2013.11.03"]
[Round "2.1"]
[White "Matthiesen, Arne"]
[Black "Pedersen, Christian Kyndel"]
[Result "1-0"]
[WhiteElo "2358"]
[BlackElo "2427"]
[PlyCount "169"]
[EventDate "2013.11.02"]
[EventType "team-tourn"]
[EventRounds "9"]
[WhiteTeam "SK1968"]
[BlackTeam "Jetsmark"]
[WhiteTeamCountry "DEN"]
[BlackTeamCountry "DEN"]

1. d4 Nf6 2. Nf3 e6 3. c4 d5 4. e3 Be7 5. Nc3 O-O 6. b3 Nbd7 7. Bb2 c6 8. Bd3
b6 9. O-O Bb7 10. Qe2 Qc7 11. Rac1 Rad8 12. cxd5 exd5 13. Nb5 Qb8 14. Ba3 Rfe8
15. Bxe7 Rxe7 16. Nc3 Ne4 17. b4 Qd6 18. Qc2 Rde8 19. b5 c5 20. dxc5 Ndxc5 21.
Ne2 Rc7 22. Ned4 Rec8 23. Qe2 g6 24. Bb1 Na4 25. Rxc7 Rxc7 26. h4 Nac3 27. Qb2
Rc5 28. Bd3 Bc8 29. Qa3 Rc7 30. Qxd6 Nxd6 31. Ra1 Nc4 32. a4 Nb2 33. Bc2 f6 34.
a5 Bd7 35. axb6 axb6 36. Ra8+ Kf7 37. Rh8 Kg7 38. Rb8 Nc4 39. Bd3 Nxb5 40. Nxb5
Bxb5 41. Nd4 Bd7 42. Kf1 Nb2 43. Ke2 Na4 44. Kd2 Kh6 45. Bc2 Nb2 46. Bb3 Nc4+
47. Bxc4 dxc4 48. Kc3 b5 49. Nxb5 Bxb5 50. Rxb5 Ra7 $11 51. g4 Ra2 52. f4 Re2
53. g5+ fxg5 54. hxg5+ Kh5 55. Re5 Kg4 56. Kxc4 Kf3 57. Kd3 Ra2 58. Re7 Rh2 59.
Rf7 Rh1 60. e4 Rd1+ 61. Kc2 Rd8 62. e5 Ke4 63. e6 Re8 64. e7 Kd5 65. Kd3 Ke6
66. Rxh7 Ra8 67. Kd4 Ra4+ 68. Ke3 Kd7 69. Rf7 Ra8 70. Ke4 Re8 71. Kd5 Ra8 72.
Rf6 Ra4 73. Ke5 Ra5+ 74. Ke4 Ra4+ 75. Kf3 Kxe7 76. Rxg6 Kf7 77. Rb6 Ra1 78. Kg4
Ra5 79. f5 Ra7 80. g6+ Kg7 81. Kg5 Ra8 82. Rb7+ Kg8 83. f6 Rc8 84. Kh6 Ra8 85.
f7+ 1-0

[Event "XtraCon-Skakligaen"]
[Site "Denmark"]
[Date "2013.11.03"]
[Round "2.2"]
[White "Rasmussen, Allan Stig"]
[Black "Matthiesen, Martin"]
[Result "1-0"]
[WhiteElo "2499"]
[BlackElo "2306"]
[PlyCount "45"]
[EventDate "2013.11.02"]
[EventType "team-tourn"]
[EventRounds "9"]
[WhiteTeam "Jetsmark"]
[BlackTeam "SK1968"]
[WhiteTeamCountry "DEN"]
[BlackTeamCountry "DEN"]

1. c4 Nf6 2. Nc3 e5 3. e3 Bb4 4. Nge2 c6 5. a3 Ba5 6. b4 Bb6 7. d4 exd4 8. Nxd4
d5 9. cxd5 Nxd5 10. Bb2 O-O 11. Bc4 Nf6 12. Nce2 Re8 13. Qb3 Qc7 14. Ng3 Bxd4
15. Bxd4 Ne4 16. Qb2 Nxg3 17. hxg3 Be6 18. Bd3 f5 19. g4 Rf8 20. gxf5 Bxf5 21.
Qb3+ Kh8 22. Bxf5 Rxf5 23. Qd3 1-0

[Event "XtraCon-Skakligaen"]
[Site "Denmark"]
[Date "2013.11.03"]
[Round "2.3"]
[White "Lindfeldt, Jan Magnus"]
[Black "Ochsner, Bjorn Moller"]
[Result "0-1"]
[WhiteElo "2286"]
[BlackElo "2296"]
[PlyCount "102"]
[EventDate "2013.11.02"]
[EventType "team-tourn"]
[EventRounds "9"]
[WhiteTeam "SK1968"]
[BlackTeam "Jetsmark"]
[WhiteTeamCountry "DEN"]
[BlackTeamCountry "DEN"]

1. e4 c5 2. Nf3 e6 3. Nc3 Nc6 4. g3 d5 5. d3 Nf6 6. Nd2 Be7 7. Bg2 O-O 8. O-O
Rb8 9. a4 a6 10. exd5 exd5 11. Nb3 Bg4 12. f3 Be6 13. d4 c4 14. Nc5 Bc8 15. a5
Nxa5 16. Bf4 Ra8 17. b4 cxb3 18. cxb3 Nc6 19. b4 b6 20. b5 Nxd4 21. Nxa6 Nxb5
22. Nxb5 Rxa6 23. Qd3 Bc5+ 24. Nd4 Rxa1 25. Rxa1 Re8 26. Rd1 Qd7 27. Be3 Qa4
28. Bf2 Ba6 29. Qd2 Bc4 30. Re1 Rxe1+ 31. Qxe1 h6 32. h4 Qe8 33. Qd2 b5 34. Nc2
Qe7 35. Bxc5 Qxc5+ 36. Qf2 Qe7 37. Qd2 Qe5 38. Qf2 Qc3 39. Bh3 b4 40. Bf5 g6
41. Bxg6 fxg6 42. Qb6 Qe5 43. f4 Qe7 44. Qxb4 Qxb4 45. Nxb4 d4 46. Kf2 Ne4+ 47.
Kf3 Nd2+ 48. Kf2 Nb3 49. Nc2 d3 50. Ne3 d2 51. g4 Nd4 0-1

[Event "XtraCon-Skakligaen"]
[Site "Denmark"]
[Date "2013.11.03"]
[Round "2.4"]
[White "Jensen, Bjarke"]
[Black "Bank, Pelle Rodkjaer"]
[Result "1-0"]
[WhiteElo "2321"]
[BlackElo "2247"]
[PlyCount "57"]
[EventDate "2013.11.02"]
[EventType "team-tourn"]
[EventRounds "9"]
[WhiteTeam "Jetsmark"]
[BlackTeam "SK1968"]
[WhiteTeamCountry "DEN"]
[BlackTeamCountry "DEN"]

1. e4 g6 2. d4 Bg7 3. Nc3 c6 4. f4 d5 5. e5 Nh6 6. Nf3 O-O 7. Be3 f6 8. h3 e6
9. g4 fxe5 10. fxe5 c5 11. dxc5 Nc6 12. Qe2 Qa5 13. Bg2 Nf7 14. O-O Bd7 15. a3
Nfxe5 16. Nxe5 Nxe5 17. Kh1 Nc6 18. b4 Rxf1+ 19. Qxf1 Qd8 20. Bd2 Ne5 21. Rd1
Nc4 22. Qe2 Nxa3 23. Be1 Kh8 24. Nxd5 exd5 25. Bxd5 Qc7 26. Qf3 Nxc2 27. Bg3
Be5 28. Bxb7 Re8 29. Rxd7 1-0

[Event "XtraCon-Skakligaen"]
[Site "Denmark"]
[Date "2013.11.03"]
[Round "2.5"]
[White "Hansen, Lars"]
[Black "Wiwe, Andreas"]
[Result "1-0"]
[WhiteElo "2241"]
[BlackElo "2287"]
[PlyCount "91"]
[EventDate "2013.11.02"]
[EventType "team-tourn"]
[EventRounds "9"]
[WhiteTeam "SK1968"]
[BlackTeam "Jetsmark"]
[WhiteTeamCountry "DEN"]
[BlackTeamCountry "DEN"]

1. e4 c5 2. d3 Nc6 3. g3 g6 4. Bg2 Bg7 5. f4 d6 6. Nf3 Nf6 7. O-O O-O 8. Nc3
Rb8 9. h3 b5 10. a3 a5 11. Be3 b4 12. axb4 axb4 13. Ne2 Bb7 14. b3 Ne8 15. Rc1
Ra8 16. Qd2 Ra2 17. f5 Na5 18. Rb1 Qb6 19. Nc1 Ra3 20. Qf2 Nc6 21. Ne2 Ra2 22.
Nc1 Ra8 23. Ne2 Nf6 24. g4 Nd7 25. Qh4 Ra2 26. fxg6 fxg6 27. Ng5 Nf6 28. Rxf6
Rxf6 29. Qxh7+ Kf8 30. Nf4 Ne5 31. Nfe6+ Ke8 32. Nxg7+ Kd7 33. Qh8 Ra8 34. Qh4
Ra2 35. Qh8 Ra8 36. Qh4 Ra2 37. Rc1 Qb5 38. Qh8 Ra8 39. Qh7 Raf8 40. Rf1 Nxd3
41. Rxf6 Rxf6 42. Qg8 Kc7 43. Ne8+ Kb6 44. Nxf6 exf6 45. Qd8+ Ka7 46. Qxd6 1-0

[Event "XtraCon-Skakligaen"]
[Site "Denmark"]
[Date "2013.11.03"]
[Round "2.6"]
[White "Christensen, Stefan"]
[Black "Rewitz, Poul"]
[Result "1-0"]
[WhiteElo "2278"]
[BlackElo "2233"]
[PlyCount "139"]
[EventDate "2013.11.02"]
[EventType "team-tourn"]
[EventRounds "9"]
[WhiteTeam "Jetsmark"]
[BlackTeam "SK1968"]
[WhiteTeamCountry "DEN"]
[BlackTeamCountry "DEN"]

1. e4 d6 2. d4 Nf6 3. Nc3 g6 4. Be3 Bg7 5. Qd2 O-O 6. Nf3 Re8 7. Bd3 a6 8. h3
Nc6 9. O-O-O b5 10. e5 Nd7 11. Be4 Bb7 12. Bh6 Qb8 13. Bxg7 Kxg7 14. Qf4 Nd8
15. h4 b4 16. Nd5 Ne6 17. Qd2 h6 18. Qxb4 Nb6 19. Nc3 a5 20. Qb5 Ba6 21. Qc6 a4
22. Nb5 Rc8 23. Na3 Ra7 24. Qc3 c5 25. d5 Nf4 26. exd6+ f6 27. Kb1 exd6 28. Qd2
Ne2 29. Ka1 Re8 30. Bd3 Bxd3 31. Qxd3 Nf4 32. Qd2 Nfxd5 33. c4 Nb4 34. Qxd6 Qc8
35. Qxb6 Rb7 36. Qd6 Re2 37. Rd2 Ree7 38. Rhd1 Qf5 39. Qd8 Qg4 40. Qa8 Qxg2 41.
Ne1 Qe4 42. Rd8 Qe5 43. Rb1 f5 44. Rh8 Rf7 45. Qg8+ Kf6 46. Rxh6 Rg7 47. Qd8+
Qe7 48. Rh8 Rd7 49. Qxe7+ Rgxe7 50. Nac2 Rd2 51. Nxb4 cxb4 52. Rb8 b3 53. axb3
a3 54. Ka2 axb2 55. b4 Rxf2 56. Rb6+ Kg7 57. b5 Rfe2 58. Nd3 R7e4 59. Rc6 R2e3
60. Nc5 Re8 61. Rxb2 f4 62. b6 f3 63. b7 Re2 64. Nd3 Rb8 65. Rc7+ Kf6 66. c5
Kf5 67. c6 Ke4 68. Nf2+ Kd4 69. Rc8 Kc3 70. Nd1+ 1-0

[Event "XtraCon-Skakligaen"]
[Site "Denmark"]
[Date "2013.11.03"]
[Round "2.8"]
[White "Rathlev, Jakob"]
[Black "Pedersen, Gunnar"]
[Result "1/2-1/2"]
[WhiteElo "2250"]
[BlackElo "2254"]
[PlyCount "51"]
[EventDate "2013.11.02"]
[EventType "team-tourn"]
[EventRounds "9"]
[WhiteTeam "Jetsmark"]
[BlackTeam "SK1968"]
[WhiteTeamCountry "DEN"]
[BlackTeamCountry "DEN"]

1. c4 e6 2. g3 d5 3. Bg2 Nf6 4. Nf3 dxc4 5. Na3 Bxa3 6. bxa3 O-O 7. Qc2 Nbd7 8.
Qxc4 c5 9. O-O b6 10. Nd4 Ne5 11. Nc6 Nxc6 12. Bxc6 Rb8 13. d4 Bd7 14. Bf3 Rc8
15. dxc5 Rxc5 16. Qb3 Bc6 17. Rd1 Qa8 18. Be3 Rf5 19. Bxc6 Qxc6 20. Rac1 Qb5
21. Rd3 Qa6 22. f3 Rd5 23. Rcd1 Rfd8 24. Bd4 Ne8 25. Kf2 Rc8 26. Rc3 $11
1/2-1/2

[Event "XtraCon-Skakligaen"]
[Site "Denmark"]
[Date "2013.11.03"]
[Round "2.2"]
[White "Brynell, Stellan"]
[Black "Sloth, Jorn"]
[Result "1-0"]
[WhiteElo "2492"]
[BlackElo "2338"]
[PlyCount "103"]
[EventDate "2013.11.02"]
[EventType "team-tourn"]
[EventRounds "9"]
[WhiteTeam "Nordkalotten"]
[BlackTeam "Nordre"]
[WhiteTeamCountry "DEN"]
[BlackTeamCountry "DEN"]

1. d4 Nf6 2. c4 e6 3. Nc3 Bb4 4. e3 b6 5. Nge2 Ne4 6. f3 Nxc3 7. bxc3 Bd6 8. e4
Ba6 9. Ng3 f5 10. e5 Be7 11. Bd3 Nc6 12. O-O O-O 13. Qe2 Na5 14. Re1 Bh4 15.
Rd1 d5 16. exd6 Qxd6 17. Nf1 Rae8 18. Ne3 c5 19. Ba3 Qc6 20. Qc2 Bg5 21. Bc1
Bxe3+ 22. Bxe3 Bxc4 23. dxc5 bxc5 24. Qf2 Rc8 25. Bf4 Rfd8 26. Bc2 Rxd1+ 27.
Rxd1 Bd5 28. Qg3 Nc4 29. Bb3 Nb6 30. Be5 Qb7 31. Qh4 c4 32. Bc2 Qf7 33. Bd4 Re8
34. Qf4 Qe7 35. Re1 Qd7 36. Qe3 Bc6 37. Qg5 Qf7 38. Qg3 Ba4 39. Bb1 Nd5 40. Qd6
Qd7 41. Qg3 Qc7 42. Be5 Qb6+ 43. Kh1 Qb7 44. h3 h6 45. Qh4 Rc8 46. Bd4 a6 47.
Kh2 Qd7 48. Be5 Qb7 49. Qd4 Qb6 50. Bxf5 exf5 51. Qxd5+ Kh7 52. Bxg7 1-0

[Event "XtraCon-Skakligaen"]
[Site "Denmark"]
[Date "2013.11.03"]
[Round "2.3"]
[White "Baekgaard, Martin"]
[Black "Kristensen, Kaare Hove"]
[Result "1/2-1/2"]
[WhiteElo "2301"]
[BlackElo "2342"]
[PlyCount "127"]
[EventDate "2013.11.02"]
[EventType "team-tourn"]
[EventRounds "9"]
[WhiteTeam "Nordre"]
[BlackTeam "Nordkalotten"]
[WhiteTeamCountry "DEN"]
[BlackTeamCountry "DEN"]

1. d4 d5 2. c4 c6 3. Nf3 Nf6 4. e3 Bg4 5. Qb3 Qb6 6. Nc3 Nbd7 7. Bd3 dxc4 8.
Qxc4 Bxf3 9. gxf3 e6 10. Rg1 g6 11. Bd2 Bg7 12. f4 O-O 13. O-O-O Rfc8 14. Kb1
c5 15. Na4 Qd8 16. Nxc5 Nxc5 17. dxc5 Nd7 18. Bb4 a5 19. Ba3 b5 20. Qxb5 Rab8
21. c6 Ne5 22. fxe5 Rxb5 23. Bxb5 Qb6 24. Ba4 Bxe5 25. h4 h5 26. Rc1 Qd8 27.
Rgd1 Qxh4 28. f4 Bc7 29. Bc5 Qf2 30. Rd7 h4 31. Rcd1 h3 32. R7d2 Qf3 33. Bd4 e5
34. fxe5 Bxe5 35. Bxe5 Qe4+ 36. Ka1 Qxe5 37. Rd7 h2 38. Bb3 Rxc6 39. Rxf7 Rd6
40. Rc1 Qe8 41. Rf6+ Kg7 42. Rxd6 Qxe3 43. Rf1 Qe2 44. Rdd1 Kh6 45. Bd5 Kg5 46.
Bf3 Qe3 47. Rde1 Qf4 48. Be4 Qd2 49. Bb1 Qg2 50. Be4 Qd2 51. Bf3 Qf4 52. Rf2
Kf6 53. Ref1 Kg7 54. Bh1 Qc4 55. a3 a4 56. Re1 Qh4 57. Ree2 Qd4 58. Rd2 Qc4 59.
Rxh2 Qc1+ 60. Ka2 Qc4+ 61. Kb1 Qf1+ 62. Kc2 Qc4+ 63. Kb1 Qf1+ 64. Ka2 1/2-1/2

[Event "XtraCon-Skakligaen"]
[Site "Denmark"]
[Date "2013.11.03"]
[Round "2.5"]
[White "Veng, Johnny"]
[Black "Nielsen, Lars Aaes"]
[Result "0-1"]
[WhiteElo "2232"]
[BlackElo "2268"]
[PlyCount "58"]
[EventDate "2013.11.02"]
[EventType "team-tourn"]
[EventRounds "9"]
[WhiteTeam "Nordre"]
[BlackTeam "Nordkalotten"]
[WhiteTeamCountry "DEN"]
[BlackTeamCountry "DEN"]

1. c4 b6 2. Nc3 Bb7 3. e4 e6 4. Nge2 Qh4 5. g3 Qh5 6. Bg2 f5 7. O-O Nf6 8. d3
Na6 9. a3 fxe4 10. dxe4 Nc5 11. f3 e5 12. b4 Ne6 13. Be3 Be7 14. Qd2 O-O 15.
Rac1 c5 16. Nd5 Nxd5 17. cxd5 Nd4 18. Bxd4 exd4 19. bxc5 bxc5 20. Qa5 Qh6 21.
Rb1 Ba6 22. Rf2 Rab8 23. Rxb8 Rxb8 24. Nf4 Rb1+ 25. Bf1 Qb6 26. Qxb6 axb6 27.
Kg2 c4 28. e5 Bc5 29. Ra2 Re1 0-1

[Event "XtraCon-Skakligaen"]
[Site "Denmark"]
[Date "2013.11.03"]
[Round "2.7"]
[White "Nielsen, Poul Erik"]
[Black "Jakobsen, Peter"]
[Result "1/2-1/2"]
[WhiteElo "2198"]
[BlackElo "2238"]
[PlyCount "83"]
[EventDate "2013.11.02"]
[EventType "team-tourn"]
[EventRounds "9"]
[WhiteTeam "Nordre"]
[BlackTeam "Nordkalotten"]
[WhiteTeamCountry "DEN"]
[BlackTeamCountry "DEN"]

1. c4 c5 2. g3 Nc6 3. Bg2 g6 4. Nc3 Bg7 5. Nf3 d6 6. O-O e5 7. d3 Nge7 8. Ne1
O-O 9. Nc2 Rb8 10. Rb1 Be6 11. b4 cxb4 12. Nxb4 Nxb4 13. Rxb4 d5 14. cxd5 Nxd5
15. Nxd5 Bxd5 16. Bxd5 Qxd5 17. a4 Rfc8 18. Be3 b6 19. Qb1 Ra8 20. Rc1 Qd7 21.
Rbc4 Rxc4 22. Rxc4 Rc8 23. Qb5 Qe6 24. Rxc8+ Qxc8 25. a5 bxa5 26. Bxa7 h5 27.
Qxa5 Qc2 28. Kf1 e4 29. Be3 exd3 30. Qd8+ Kh7 31. exd3 Qb1+ 32. Kg2 Qb7+ 33. f3
Qb2+ 34. Bf2 Bf6 35. Qb6 Qc3 36. d4 Kg7 37. h4 Qd2 38. Qc5 Kh7 39. d5 Kg7 40.
d6 Qd1 41. Qb6 Be5 42. Qc5 1/2-1/2

[Event "XtraCon-Skakligaen"]
[Site "Denmark"]
[Date "2013.11.03"]
[Round "2.8"]
[White "Ejsing, Esben"]
[Black "Christensen, Jan Schleicher"]
[Result "1/2-1/2"]
[WhiteElo "2153"]
[BlackElo "2218"]
[PlyCount "30"]
[EventDate "2013.11.02"]
[EventType "team-tourn"]
[EventRounds "9"]
[WhiteTeam "Nordkalotten"]
[BlackTeam "Nordre"]
[WhiteTeamCountry "DEN"]
[BlackTeamCountry "DEN"]

1. c4 c5 2. Nf3 Nf6 3. e3 e6 4. Be2 Be7 5. O-O O-O 6. b3 b6 7. Bb2 Bb7 8. d4
cxd4 9. exd4 d5 10. Nbd2 Nc6 11. Rc1 Rc8 12. Ne5 Qd6 13. c5 Qb8 14. Ndf3 Nxe5
15. dxe5 Ne4 1/2-1/2

[Event "XtraCon-Skakligaen"]
[Site "Denmark"]
[Date "2013.11.03"]
[Round "2.1"]
[White "Hillarp Persson, Tiger"]
[Black "Schandorff, Lars"]
[Result "1/2-1/2"]
[WhiteElo "2557"]
[BlackElo "2522"]
[PlyCount "28"]
[EventDate "2013.11.02"]
[EventType "team-tourn"]
[EventRounds "9"]
[WhiteTeam "Bronshoj"]
[BlackTeam "Hillerod"]
[WhiteTeamCountry "DEN"]
[BlackTeamCountry "DEN"]

1. e4 c6 2. d4 d5 3. e5 Bf5 4. h4 h5 5. c4 e6 6. Nc3 Ne7 7. Nge2 Bg4 8. Bg5 Qb6
9. f3 Bf5 10. Ng3 Bg6 11. Qd2 Nd7 12. Rc1 f6 13. Be3 Kf7 14. a3 Qd8 1/2-1/2

[Event "XtraCon-Skakligaen"]
[Site "Denmark"]
[Date "2013.11.03"]
[Round "2.2"]
[White "Borge, Nikolaj"]
[Black "Aabling Thomsen, Jakob"]
[Result "1/2-1/2"]
[WhiteElo "2389"]
[BlackElo "2375"]
[PlyCount "61"]
[EventDate "2013.11.02"]
[EventType "team-tourn"]
[EventRounds "9"]
[WhiteTeam "Hillerod"]
[BlackTeam "Bronshoj"]
[WhiteTeamCountry "DEN"]
[BlackTeamCountry "DEN"]

1. e4 d6 2. d4 Nf6 3. Nc3 g6 4. Be3 c6 5. h3 Nbd7 6. Nf3 Qc7 7. a4 Bg7 8. Qd2
O-O 9. Be2 e5 10. dxe5 dxe5 11. O-O Re8 12. Rfd1 Bf8 13. Bc4 Nc5 14. Ng5 Ne6
15. Qe2 Nh5 16. Nxe6 Bxe6 17. Bxe6 Rxe6 18. Qc4 Qe7 19. a5 Nf4 20. Kh2 Rd6 21.
Na4 Rxd1 22. Rxd1 Rd8 23. Rd2 Ne6 24. g3 a6 25. Kg2 Rxd2 26. Bxd2 Qd8 27. Qd3
Qxd3 28. cxd3 Nc5 29. Nxc5 Bxc5 30. Bc3 f6 31. f4 1/2-1/2

[Event "XtraCon-Skakligaen"]
[Site "Denmark"]
[Date "2013.11.03"]
[Round "2.3"]
[White "Pilgaard, Kim"]
[Black "Ostergaard, Jens"]
[Result "1-0"]
[WhiteElo "2403"]
[BlackElo "2273"]
[PlyCount "109"]
[EventDate "2013.11.02"]
[EventType "team-tourn"]
[EventRounds "9"]
[WhiteTeam "Bronshoj"]
[BlackTeam "Hillerod"]
[WhiteTeamCountry "DEN"]
[BlackTeamCountry "DEN"]

1. d4 Nf6 2. c4 e6 3. Nc3 d5 4. cxd5 exd5 5. Bg5 Be7 6. Qc2 c6 7. e3 O-O 8. Bd3
Nbd7 9. Nge2 Re8 10. O-O Nf8 11. f3 Be6 12. Rad1 Qa5 13. a3 b5 14. Na2 Rac8 15.
Qb1 N6d7 16. Bxe7 Rxe7 17. Nec1 f6 18. e4 Qb6 19. Bc2 c5 20. exd5 Bxd5 21. Nc3
Bf7 22. dxc5 Nxc5 23. Kh1 b4 24. axb4 Qxb4 25. Nd5 Bxd5 26. Rxd5 Re1 27. Rd1
Rxf1+ 28. Rxf1 Rb8 29. b3 Kh8 30. Qa1 a5 31. Nd3 Nxb3 32. Nxb4 Nxa1 33. Nc6 Rb6
34. Ba4 Nb3 35. Rb1 Nc5 36. Rxb6 Nxa4 37. Ra6 Nc5 38. Rxa5 Nce6 39. Ra8 Kg8 40.
Ra7 Nc5 41. Kg1 h6 42. Kf2 Kh7 43. Ke3 Ng6 44. g3 Ne6 45. f4 Ngf8 46. f5 Nc5
47. h4 h5 48. Nb8 Kh6 49. Rc7 Nb3 50. Rc8 Nh7 51. Rg8 Na5 52. Kf4 Nc4 53. Nc6
Nb6 54. Ne7 Nd7 55. Rh8 1-0

[Event "XtraCon-Skakligaen"]
[Site "Denmark"]
[Date "2013.11.03"]
[Round "2.4"]
[White "Jaksland, Tim"]
[Black "Hoi, Carsten"]
[Result "0-1"]
[WhiteElo "2260"]
[BlackElo "2393"]
[PlyCount "76"]
[EventDate "2013.11.02"]
[EventType "team-tourn"]
[EventRounds "9"]
[WhiteTeam "Hillerod"]
[BlackTeam "Bronshoj"]
[WhiteTeamCountry "DEN"]
[BlackTeamCountry "DEN"]

1. c4 g6 2. g3 Bg7 3. Bg2 d6 4. Nc3 Nc6 5. d3 f5 6. e4 Nf6 7. Nge2 O-O 8. O-O
e5 9. h3 Be6 10. Nd5 Qd7 11. Kh2 Nd8 12. Be3 c6 13. Nxf6+ Bxf6 14. Rc1 f4 15.
Bd2 g5 16. Ng1 Nf7 17. Qh5 Kh8 18. Bf3 Rg8 19. Bg4 Rg6 20. Bxe6 Qxe6 21. Qg4
Qe7 22. Qe2 g4 23. hxg4 Rag8 24. f3 h5 25. gxf4 exf4 26. Nh3 hxg4 27. fxg4 Ne5
28. Rxf4 Nxg4+ 29. Rxg4 Rxg4 30. Bc3 Bxc3 31. bxc3 Qh4 32. Qf1 Rg3 33. Rc2 Qe7
34. Qf4 R3g7 35. Rf2 Rg6 36. Qf5 Qh4 37. e5 Qg3+ 38. Kh1 Rh6 0-1

[Event "XtraCon-Skakligaen"]
[Site "Denmark"]
[Date "2013.11.03"]
[Round "2.6"]
[White "Percivaldi, Martin"]
[Black "Bromann, Thorbjorn"]
[Result "0-1"]
[WhiteElo "2191"]
[BlackElo "2356"]
[PlyCount "76"]
[EventDate "2013.11.02"]
[EventType "team-tourn"]
[EventRounds "9"]
[WhiteTeam "Hillerod"]
[BlackTeam "Bronshoj"]
[WhiteTeamCountry "DEN"]
[BlackTeamCountry "DEN"]

1. d4 c5 2. d5 g6 3. c4 e5 4. Nc3 d6 5. e4 Bg7 6. g3 Ne7 7. Bg2 O-O 8. Nge2 f5
9. O-O Nd7 10. f4 a6 11. a4 b6 12. Rb1 Rb8 13. exf5 Nxf5 14. Ne4 Qe7 15. N2c3
h6 16. Kh1 exf4 17. Bxf4 g5 18. g4 gxf4 19. gxf5 Rxf5 20. Bh3 Rf8 21. Bxd7 Bxd7
22. Qf3 Kh7 23. Rbe1 Be5 24. Rg1 Qh4 25. Nd1 Rg8 26. Ndf2 Rbf8 27. b3 h5 28.
Nd3 Bg4 29. Qg2 Bf5 30. Qf3 Bg4 31. Qg2 Bd4 32. Rgf1 Bh3 33. Qf3 Bg2+ 34. Qxg2
Rxg2 35. Kxg2 f3+ 36. Kh1 Qg4 37. Ng3 h4 38. Re4 Qg5 0-1